| 000 -ლიდერი |
| ფიქსირებული სიგრძის საკონტროლო ველი |
01227nam a2200277Ia 4500 |
| 001 - საკონტროლო ნომერი |
| საკონტროლო ველი |
22729 |
| 003 - საკონტროლო ნომრის იდენტიფიკატორი |
| საკონტროლო ველი |
GE_BSU |
| 005 - ბოლო ოპერაციის თარიღი და დრო |
| საკონტროლო ველი |
20230502110132.0 |
| 008 - ფიქსირებული სიგრძის მონაცემთა ელემენტები - ზოგადი ინფორმაცია |
| ფიქსირებული სიგრძის საკონტროლო ველი |
181216s? ||||ge |||||||||||||| ||geo|| |
| 040 ## - კატალოგიზაციის წყარო |
| Transcribing agency |
GE_BSU |
| 041 ## - ენის კოდი |
| Language code of text/sound track or separate title |
geo |
| 080 ## - უნივერსალური ათობითი კლასიფიკაციის ინდექსი |
| Universal Decimal Classification number |
28 ქ-60 |
| 100 ## - მთავარი ჩანაწერი - პიროვნების სახელი |
| Personal name |
ქონრაფა მზექაი, მ. |
| 9 (RLIN) |
17903 |
| 245 ## - ცნობა სათაურის შესახებ |
| Title |
შუამავალი (ს.ა.ვ) / |
| Statement of responsibility, etc |
მზექაი, მ. ქონრაფა ; თარგმნა თამაზ მიქელაძემ ; თეოლოგიური რედ. რეზო მიქელაძე. |
| 264 ## - წარმოების, გამოცემის, დისტრიბუციის და სხვა ცნობები |
| გამოცემის, წარმოების, დისტრიბუციის... ადგილი |
[?] : |
| გამოცემის, წარმოების, დისტრიბუციის... სახელწოდება |
ერქამი, |
| გამოცემის, წარმოების, დისტრიბუციის... თარიღი |
[?]. |
| 300 ## - ფიზიკური აღწერა |
| Extent |
508 გვ. ; |
| Dimensions |
24 სმ. |
| 500 ## - ზოგადი შენიშვნა |
| General note |
საერთაშორისო საქველმოქმედო ფონდი |
| 520 ## - SUMMARY, ETC. |
| Summary, etc |
საერთაშორისო საქველმოქმედო ფონდი |
| 653 ## - INDEX TERM--UNCONTROLLED |
| Uncontrolled term |
ისლამი |
| 653 ## - INDEX TERM--UNCONTROLLED |
| Uncontrolled term |
რელიგია |
| 653 ## - INDEX TERM--UNCONTROLLED |
| Uncontrolled term |
შუამავალი |
| 700 ## - ADDED ENTRY--PERSONAL NAME |
| Personal name |
მიქელაძემ, თამაზ |
| Relator term |
თარგმნა |
| 9 (RLIN) |
17904 |
| 700 ## - ADDED ENTRY--PERSONAL NAME |
| Personal name |
მიქელაძე, რეზო |
| Relator term |
რედაქტორი |
| 9 (RLIN) |
17905 |
| 942 ## - ADDED ENTRY ELEMENTS (KOHA) |
| Koha item type |
წიგნი |
| Source of classification or shelving scheme |
|